Normal view MARC view
  • J.M.Coulson

Entry Personal Name

Number of records used in: 9

001 - CONTROL NUMBER

  • control field: 53769

003 - CONTROL NUMBER IDENTIFIER

  • control field: NUST

005 - DATE AND TIME OF LATEST TRANSACTION

  • control field: 20210421115811.0

008 - FIXED-LENGTH DATA ELEMENTS

  • fixed length control field: 210421|| aca||aabn | a|a d

040 ## - CATALOGING SOURCE

  • Original cataloging agency: NUST
  • Transcribing agency: NUST

100 ## - HEADING--PERSONAL NAME

  • Personal name: J.M.Coulson

670 ## - SOURCE DATA FOUND

  • Source citation: Work cat.: (NUST): J.M.Coulson, Coulson & Richardson,s Chemical Engineering Vol 1 6th, 2009
© 2023 Central Library, National University of Sciences and Technology. All Rights Reserved.